Responses for Show #2668 - Wednesday, March 20, 1996

Contestants

[<< previous game]

Josh Oppenheim, a physician from Annandale, Virginia

Jo Ellen Eppink, a librarian from Sugarland, Texas

Don Eyles, a computer scientist originally from Atlanta, Georgia (whose 1-day cash winnings total $16,700)

[next game >>]

Jeopardy! Round responses

MIDDLE EAST HISTORY
ETIQUETTE
TV DOCTORS
U.S. BODIES OF WATER
COINS
STARTS WITH "PH"
    $100 1
Israel

Jo Ellen
    $100 2
pearls

Josh
    $100 29
Dr. Kildare

Jo Ellen
    $100 7
The Mississippi River

Jo Ellen
    $100 19
a peso

Jo Ellen
    $100 12
phobias

Don
    $200 3
Alexander the Great

Jo Ellen
    $200 17
white

Jo Ellen
    $200 30
ER

Josh
    $200 8
the Chesapeake

Josh
    $200 22
Catherine the Great

Don
    $200 13
physique

Jo Ellen
    $300 4
Arafat

Don
    $300 18
lemon

Don
    $300 28
Ben Casey

Jo Ellen
    $300 9
Lake Okeechobee

Jo Ellen
    $300 23
Cape Town

Don
    $300 14
phylum

Jo Ellen
    $400 5
Saddam Hussein

Josh
    $400 20
the Pope

Jo Ellen
    $400 27
Trapper John

Josh
    $300 10
the Colorado

Jo Ellen
    $400 24
(Jo Ellen: What is the Hindenburg)

The Graf Zeppelin

DonJo Ellen
    $400 15
Pharos

Don
    $500 6
Beirut

Don
    $500 21
regrets

Don
    $500 26
Medical Center

Triple Stumper
    $500 11
Vermont

Jo Ellen
    $500 25
(Jo Ellen: What is Norway?)
(Don: What is Sweden?)

Finland

DonJo Ellen
Triple Stumper
    $500 16
phrenology

Jo Ellen

Scores at the first commercial break (after clue 15):

Don Jo Ellen Josh
$1,300 $2,000 $700

Scores at the end of the Jeopardy! Round:

Don Jo Ellen Josh
$2,500 $2,700 $1,300

Double Jeopardy! Round responses

OFFICIAL LANGUAGES
FICTIONAL CHARACTERS
WHAT'S COOKIN'?
FAMOUS AMERICANS
SONGS
SUBATOMIC PARTICLES
(Alex: First time we've ever had that as a category.)
    $200 3
Brazil

Josh
    $200 6
Jane

Don
    $200 11
lasagne

Don
    $200 12
(Alexander Graham) Bell

Don
    $200 23
"The Twist"

Josh
    $200 1
the nucleus

Don
    $400 5
Cantonese

Don
    $400 7
Belgium

Jo Ellen
    $400 22
gumbo

Jo Ellen
    $400 13
(Jane) Addams

Jo Ellen
    $400 24
"I Got Rhythm"

Josh
    $400 2
electrons

Jo Ellen
    $600 17
Spanish

Don
    $600 8
Rose Madder

Triple Stumper
    $600 28
(beef) stroganoff

Jo Ellen
    $600 14
(Horace) Greeley

Jo Ellen
    $600 25
"True Love"

Jo Ellen
    $600 4
gamma rays

Don
    $800 18
English

Josh
    $800 9
Scott Turow

Jo Ellen
    $800 29
(Don: What is jambalaya?)

paella

DonJo Ellen
    $800 15
(Jo Ellen: Who is Hannibal Hamlin?)

Salmon P. Chase

Jo Ellen
    $800 26
"You're The Top"

Josh
    $800 21
(Enrico) Fermi

Don
    $2,000 19
French

Josh
    $1000 10
Marlow

Triple Stumper
    $1000 30
ratatouille

Triple Stumper
    $1000 16
Madison

Josh
    $1000 27
"Beep Beep"

Triple Stumper
    $1000 20
Quarks

Don

Scores at the end of the Double Jeopardy! Round:

Don Jo Ellen Josh
$5,900 $6,900 $6,700

[wagering suggestions for these scores]

Final Jeopardy! Round responses

NONFICTION
DonWhat is Poor Richard's Almanac
$1,000
JoshWhat is the Farmers Almanac
$5,117
Jo EllenWhat is World Almanac Old Farmers Almanac
$6,501
The Farmers Almanac

Final scores:

Don Jo Ellen Josh
$4,900 $13,401 $11,817
3rd place: Konica underwater camera New champion: $13,401 2nd place: Gateway PC + Samsung fax machine

Game dynamics:

Coryat scores:

Don Jo Ellen Josh
$5,900 $7,800 $5,700
18 R,
2 W
23 R
(including 1 DD),
3 W
(including 1 DD)
12 R
(including 1 DD),
0 W

Combined Coryat: $19,400

[game clues] [game scores] [suggest correction]

Game tape date: Unknown
The J! Archive is created by fans, for fans. Scraping, republication, monetization, and malicious use prohibited; this site may use cookies and collect identifying information. See terms. The Jeopardy! game show and all elements thereof, including but not limited to copyright and trademark thereto, are the property of Jeopardy Productions, Inc. and are protected under law. This website is not affiliated with, sponsored by, or operated by Jeopardy Productions, Inc. Join the discussion at JBoard.tv.